| 000 | 00923nam a22003017a 4500 | ||
|---|---|---|---|
| 003 | CHAP | ||
| 005 | 20230607094734.0 | ||
| 008 | 971013s1976 r 00010 d | ||
| 010 | _a26172 | ||
| 011 | _a27144 | ||
| 035 | _a31245 | ||
| 040 | _cCHAP | ||
| 082 |
_a581.13 _bB8 |
||
| 100 | 0 | 0 |
_aBurris, R. H. _eed. _916276 |
| 245 | _aCo2 metabolism and plant productivity | ||
| 260 |
_aLondon : _bUniversity Park, _c1976 |
||
| 300 |
_a431 p. _b; gráfs. |
||
| 590 |
_aBATCH-UPD _b10 _c20130110 _lUCH01 _h1228 |
||
| 590 |
_aBATCH-UPD _b10 _c20130410 _lUCH01 _h0800 |
||
| 590 |
_aBATCH-UPD _b10 _c20130914 _lUCH01 _h0638 |
||
| 590 |
_aCONVERSION _b10 _c20130109 _lUCH01 _h1315 |
||
| 650 | 1 | 7 |
_aDióxido de carbono _xEfecto en plantas _2 _912848 |
| 650 | 1 | 4 |
_aPlantas _xMetabolismo. _988858 |
| 700 | 0 |
_aBlack, C. C. _912980 |
|
| 901 | _aBK | ||
| 942 | _cLIBRO | ||
| 949 |
_a581.13 B8 _bBC _cLIBRO _d33724000884250 _eLIBRO _h46480 _i31245 _si |
||
| 999 |
_c26172 _d26172 |
||